1188 1394 1890 1595 1180 1696 1618 1803 1369 1414 1595 1774 1536 1460 1226 1470 1270 1796 1150 1758 1521 1463 1548 1391 1530 1973 1205 1583 1770 1479 1601 1410 1812 1030 1598 1294 1241 1257 1022 1707 1454 1678 1426 1402 1304 1192 1830 1776 1808 1604 1594 1524 1655 1625 1431 1229 1010 1545 1167 1632 1827 1376 1426 1297 1958 1639 1799 1387 1945 1130 1343 1259 1267 1791 1750 1907 1247 1233 1434 1906 1432 1944 1707 1685 1343 1025 1175 1040 1089 1878 1253 1416 1065 1172 1179 1892 1623 1842 1167 BCNSPRNW ULIB Ver.6.0+V

เปลี่ยนเป็นภาษาไทย

Change to English
 แสดงรายละเอียดบรรณานุกรม
  กลับหน้าหลัก

Brief Record : Get Marc (ISO 2709) : E-mail record : QR code < ปิดหน้าต่าง
LEADER : 00000nam 2200000uu 4500
001    13399126976
003     ULIB
008    190920s2560||||th 000 0 tha d
020    ^a9789740334330
050  4 ^aBF713^bธ451จ
100 0  ^aธัญญภัสร์ ศิรธัชนราโรจน์
245 10 ^aจิตวิทยากับการพัฒนาตน/^cธัญญภัสร์ ศิรธัชนราโรจน์
250    ^aพิมพ์ครั้งที่ 2
260    ^aกรุงเทพฯ :^bสำนักพิมพ์แห่งจุฬาลงกรณ์มหาวิทยาลัย,^c2560
300    ^a363 หน้า :^bภาพประกอบ ;^c26 ซม.
650  4 ^aการพัฒนาตนเอง
650  4 ^aจิตวิทยา
650  4 ^aจิตวิทยาพัฒนาการ
650  4 ^aบุคลิกภาพ
650  4 ^aพฤติกรรมมนุษย์
945    ^p370^l0^i006042
945    ^p370^l0^i006040
945    ^p370^l0^i006041
945    ^p370^l0^i006038
945    ^p370^l0^i006039
999    ^aประนอม เกษจรัล
รายการนี้ยังไม่มีแท็ก
คุณยังไม่ได้ล็อกอิน คุณสามารถมีกิจกรรมร่วมกับเว็บไซต์ได้ แต่ต้องล็อกอินก่อน ::
  ล็อกอิน

รายการสื่อสารสนเทศ

ลำดับที่ ประเภท เลขเรียก/บาร์โค้ด สถานที่ สถานะ
1. การศึกษาทั่วไป
หนังสือสำรอง
สถานะ=หนังสือสำรอง
BF713 ธ451จ ฉ.1 
  Barcode: 006038
ห้องสมุดวิทยาเขตสวรรค์ประชารักษ์
►หนังสือทั่วไป
บนชั้น
2. การศึกษาทั่วไป
การศึกษาทั่วไป
BF713 ธ451จ ฉ.2 
  Barcode: 006039
ห้องสมุดวิทยาเขตสวรรค์ประชารักษ์
►หนังสือทั่วไป
บนชั้น
3. การศึกษาทั่วไป
การศึกษาทั่วไป
BF713 ธ451จ ฉ.3 
  Barcode: 006040
ห้องสมุดวิทยาเขตสวรรค์ประชารักษ์
►หนังสือทั่วไป
บนชั้น
4. การศึกษาทั่วไป
การศึกษาทั่วไป
BF713 ธ451จ ฉ.4 
  Barcode: 006041
ห้องสมุดวิทยาเขตสวรรค์ประชารักษ์
►หนังสือทั่วไป
บนชั้น
5. การศึกษาทั่วไป
การศึกษาทั่วไป
BF713 ธ451จ ฉ.5 
  Barcode: 006042
ห้องสมุดวิทยาเขตสวรรค์ประชารักษ์
►หนังสือทั่วไป
บนชั้น

รายการใกล้เคียง
    ผู้แต่ง [ธัญญภัสร์ ศิรธัชนราโรจน์]

    หัวเรื่อง [การพัฒนาตนเอง]
    หัวเรื่อง [จิตวิทยา]
    หัวเรื่อง [จิตวิทยาพัฒนาการ]
    หัวเรื่อง [บุคลิกภาพ]
    หัวเรื่อง [พฤติกรรมมนุษย์]

BibComment


ยังไม่เคยถูกคอมเมนท์

คอมเมนท์ทรัพยากรรายการนี้
  คอมเมนท์: จิตวิทยากับการพั..


 Copyright 2026. Bcnsprnw @Library